| 000 | 00495nam a2200217 454500 | ||
|---|---|---|---|
| 001 | 075901 | ||
| 003 | BD-ChCU | ||
| 008 | Eng | ||
| 020 | _ax | ||
| 040 |
_aDLC _cDLC _dBD-ChCU |
||
| 082 | 0 | 0 | _a531.38/LAT |
| 100 | 1 |
_aLandau, L.D. _bLifshitz, E.M. |
|
| 245 | 1 | 0 |
_aTheory of elasticity _bx |
| 250 | _a2 Rev. ed. | ||
| 260 |
_aOxford _bPergamon _c1970 |
||
| 300 | _aviii, 165p. | ||
| 504 | _a | ||
| 650 | 0 |
_aPhysics, theory of _bPhysics |
|
| 700 | 1 | _ax | |
| 942 |
_2ddc _cBK |
||
| 999 |
_c75901 _d75901 |
||